Регионална библиотека "Любен Каравелов" - Русе

Домашно зайче | Хамстер | Морско свинче | Дегу (Запис номер 19829)

MARC детайли
000 -Лидер
Контролно поле с фиксирана дължина 01785nam a2200445 c 4500
003 - Код на организацията, давaща контролен номер
Контролно поле BLK
005 - Дата и час на последна редакция
Контролно поле 20250715180415.0
008 - Елементи от данни с фиксирана дължина
fixed length control field 180413b bul|||||r ||||||| ||bul||
010 ## - Наследен системен номер
LC control number KNG00021986000
040 ## - Източник на каталожния запис
Идентификатор на билиотеката - собственик на записа BLK
041 ## - Код за език
Код за езика на текст/звукозапис или на отделно заглавие Български
Код за езика КДБФ Български
080 ## - УДК
Текстов определител УДК Други животни, отглеждани от човека - морско свинче, питомен заек, животни с ценни кожи, слон, змии и др. (не включени в 636.1/.8). Вж и 639.2/.5
УДК код - определител по УДК 636.9
УДК определител (035)
УДК - код + определител 636.9(035)
100 1# - Редна дума - Автор
Автор Ханке, Щефан
Авторска отговорност първи автор
R(LIN) 264110
139 ## - Редно поле
Редна дума Ханке, Щефан
Авторски знак Хан - Х 25
245 10 - Сведения за заглавието
Заглавие Домашно зайче
Редно поле (дума) Щефан Ханке; прев. от нем. Елка Войномирова Баракова.
245 10 - Сведения за заглавието
Заглавие Хамстер
Подзаглавни данни
Редно поле (дума)
245 10 - Сведения за заглавието
Заглавие Морско свинче
Подзаглавни данни
Редно поле (дума)
245 10 - Сведения за заглавието
Заглавие Дегу
Подзаглавни данни
Редно поле (дума)
257 ## - Страна на издаване
Страна на създаване/издаване Германия
260 ## - Област на издателските данни
-- София
Име на издателя, разпространителя и проч. Емас
Година на издаване 1998
Печатница София : Балкан прес
300 ## - Физическа характеристика
Страници 333 с.
Илюстрации и др. с ил.
Размери/Мащаб 20 см
380 ## - Жанр
Жанр Селско стопанство
490 1# - СЕРИИ (Колекции)
Име на серия Домашни любимци
500 ## - Общи забележки
Забележка Ориг. загл. Haustiere / Stefan Handke. - 3 000 тир.
650 #4 - Допълнително описание по предмет – тема
Основно описание – тема или топоним Животни, домашни - отглеждане
9 (RLIN) 264067
653 ## - Ключова дума – ненормативна
Ключова дума зайци
653 ## - Ключова дума – ненормативна
Ключова дума хамстери
653 ## - Ключова дума – ненормативна
Ключова дума морски свинчета
653 ## - Ключова дума – ненормативна
Ключова дума дегу
653 ## - Ключова дума – ненормативна
Ключова дума домашни животни
653 ## - Ключова дума – ненормативна
Ключова дума наръчници
653 ## - Ключова дума – ненормативна
Ключова дума ръководства
700 1# - Други автори (авторска отговорност)
Лично име Баракова, Елка Войномирова
Автороска отговорност (Описва отношението между автора и произведението) прев. от нем.
9 (RLIN) 365444
852 ## - Местоположение
Форматна сигнатура Цб 195904
856 4# - Електронен адрес и достъп
Електронен формат pdf - файл
Път до файла /url/
856 4# - Електронен адрес и достъп
Електронен формат pdf - файл
Път до файла /url/
942 ## - АРТИКУЛИ
Вид на библиотечния материал Книги
Скрит в OPAC Не
Koha issues (borrowed), all copies 2
944 ## - СЪЗДАВАНЕ И РЕДАКЦИЯ на ЗАПИСА
Създаване/Редакция Създаване
Дата на регистрацията/редакция 15.01.2003
Служител, извършил регистрацията/редакцията 30542
Статус, дата на статуса Русанова Ирена
944 ## - СЪЗДАВАНЕ И РЕДАКЦИЯ на ЗАПИСА
Създаване/Редакция Редакция
Дата на регистрацията/редакция 01.02.2013
Служител, извършил регистрацията/редакцията
999 ## - СИСТЕМНИ КОНТРОЛНИ НОМЕРА
Koha biblionumber 19829
Koha biblioitemnumber 19829
Наличности
Код за отписване Код за изгубен артикул Източник на класификационната схема Код за повреда Коз за рестрикции Код за отдаване Артикулен № Име на библиотеката - собственик Име на библиотеката, в която се намира в момента Статус (Текущо местоположение) Дата на вписване в системата Местоположение - отдел Цена в лева Инвентарен номер Систематично азбучна сигнатура Баркод Номер на екземпляра Цена в евро Служебна бележка Служебен тип на артикула
  Не е изгубен Universal Decimal Classification Не е повреден без рестрикции ползва се в читалня 33083 Регионална библиотека "Любен Каравелов" Русе Регионална библиотека "Любен Каравелов" Русе Хранилище 2001-01-01 Хранилище 0.00 640228 Цб 195904 120000640228 1 0.00 Дост: Dp Вид: Д N: стар фонд Дата: 01.01.1998 Книги
  Не е изгубен Universal Decimal Classification Не е повреден без рестрикции ползва се в читалня 33084 Регионална библиотека "Любен Каравелов" Русе Регионална библиотека "Любен Каравелов" Русе Читалня 2001-01-01 Читалня 4.00 638507 Ч 636/Х 25 120000638507 2 2.05 Дост: Pk Вид: Ф N: стар фонд Дата: 01.01.1998 Дата инв: 20.03.2017 Бележки инв: Ч2017 Книги
  Не е изгубен   Не е повреден без рестрикции заемане за дома 33085 Регионална библиотека "Любен Каравелов" Русе Регионална библиотека "Любен Каравелов" Русе Детски отдел 2008-10-03 Детски отдел 7.50 120000730234 ДН 636/639/Х 25 120000730234 3 3.83 Дост: Pk Вид: Ф N: 8544 Дата: 03.10.2008 Дата инв: 20.08.2015 Бележки инв: Д2015 Книги
  Не е изгубен   Не е повреден без рестрикции заемане за дома 33086 Регионална библиотека "Любен Каравелов" Русе Регионална библиотека "Любен Каравелов" Русе Детски отдел 2008-10-03 Детски отдел 7.50 120000730235 ДН 636/639/Х 25 120000730235 4 3.83 Дост: Pk Вид: Ф N: 8544 Дата: 03.10.2008 Дата инв: 20.08.2015 Бележки инв: Д2015 Книги
Vip Innovations Ltd, Rousse, Bulgaria 2025